A treatise on the law and practice of injuctions

Saved in:
书目详细资料
主要作者: Kerr William Williamson
其他作者: Paterson John Melving
格式: 图书
出版: New Delhi : Universal law publishing, c2008.
版:6th ed.
主题:
标签: 添加标签
没有标签, 成为第一个标记此记录!

MARC

LEADER 00000nam a2200000 4500
005 20260331061554.0
020 |a 8175341455  |c TZS 21,682/= 
040 |a MCCL  |b Eng.  |e AACR 2nd rev. ed. 
082 |a 347.077 KER 
100 |a Kerr William Williamson 
245 |a A treatise on the law and practice of injuctions  |c / William Williamson Kerr, edited by John Melving Paterson 
250 |a 6th ed. 
260 |a New Delhi :  |b Universal law publishing,  |c c2008. 
300 |a lxiv, 743 p. :  |c 21 cm. 
504 |a Include index 
546 |a Eng. 
650 |a Jurisdiction 
700 |a Paterson John Melving  
942 |c BK 
999 |c 12569  |d 12569